000
00246nam a2200097Ia 4500
001
1253403
005
20251031150953.0
008
251031s9999 xx 000 0 und d
245
0
_c
CEM ATLI
_a
Z-1 KARAGÖZ İLE HACİVAT
260
_b
ERDEM YAYINLARI
999
_c
1253403
_d
1253403